| 000 | 00635nam a2200253Ia 4500 | ||
|---|---|---|---|
| 005 | 20260121155443.0 | ||
| 008 | 008 260114s9999 xx 000 0 eng d | ||
| 020 | _a9781315227221 | ||
| 037 | _aEBOOK | ||
| 040 | _aCRL | ||
| 040 | _beng | ||
| 040 | _cCRL | ||
| 041 | _2eng | ||
| 041 | _aeng | ||
| 084 | _qCRL | ||
| 100 |
_a David Best; Charlotte Colman _91019681 |
||
| 245 | 0 | _aStrengths-Based Approaches to Crime and Substance Use | |
| 260 | _bTaylor and Francis | ||
| 260 | _c2020 | ||
| 856 | _uhttp://www.taylorfrancis.com/books/9781315227221 | ||
| 942 | _cEBOOK | ||
| 999 |
_c1586500 _d1586500 |
||